| 000 | 00837nam a2200169 4500 | ||
|---|---|---|---|
| 005 | 20221013113738.0 | ||
| 008 | 221013b ||||| |||| 00| 0 eng d | ||
| 022 | _a0973-2659 | ||
| 040 | _cAL | ||
| 041 | _aeng | ||
| 245 | _aIUP Journal of Entrepreneurship Development | ||
| 260 |
_aHyderabad _bIUP Publications |
||
| 500 | _aIt is a quarterly journal that focuses on Entrepreneurship mindset, Development of entrepreneurship, Entrepreneurship opportunity, Motivation and case studies; Entrepreneurship growth and strategy; Entrepreneurial risk and reward; Entrepreneurship across culture/gender/economic status; Ethical and moral principles, guiding entrepreneurship behavior, etc. | ||
| 650 |
_2Management _aExecutive Management _959484 |
||
| 856 | _ahttps://www.iupindia.in/Entrepreneurship_Development.asp | ||
| 942 |
_2ddc _cBK _s1 |
||
| 999 |
_c224836 _d224836 |
||